00571nam a2200193Ia 4500008004100000020001400041082001500055100002100070245002600091250000700117260003700124300002900161500001900190600002000209650002000229942000700249952010600256999001500362240925s9999 xx 000 0 und d a205169929 a305.42 WAR aWard ,Martha C. 2aA World Full of Women aNA aBoston:bAllyn and Baconc,1996. axxiv,520p.bNAfOriginal aIncludes Index aSocial Sciences aSocial Sciences cBK 001040708SSaUITUbUITUd2000-03-20eNAl0o305.42 WARpQ2926r2024-09-25 07:12:58w2024-09-25yBK c5425d5425